Plant diseases (Record no. 29614)

MARC details
000 -LEADER
fixed length control field 00380nam a2200145Ia 4500
082 ## - DEWEY DECIMAL CLASSIFICATION NUMBER
Classification number 581.2
Item number MAT
100 ## - MAIN ENTRY--AUTHOR NAME
Personal name MATHUR, R S
245 #0 - TITLE STATEMENT
Title Plant diseases
260 ## - PUBLICATION, DISTRIBUTION, ETC. (IMPRINT)
Place of publication New Delhi
Name of publisher National Book Trust of India
Year of publication 1969
650 ## - SUBJECT ADDED ENTRY--TOPICAL TERM
Topical Term Fibre crop disease
650 ## - SUBJECT ADDED ENTRY--TOPICAL TERM
Topical Term Plant disease
650 ## - SUBJECT ADDED ENTRY--TOPICAL TERM
Topical Term Plantation crop disease
942 ## - ADDED ENTRY ELEMENTS (KOHA)
Koha item type Books
Holdings
Withdrawn status Lost status Damaged status Not for loan Home library Current library Date acquired Full call number Accession Number Koha item type
        RRII Library RRII Library 16/12/2021 581.2 MAT 10197 Books